000
00283nam a2200133Ia 4500
100
_a
Hintz/K.J/ Tabak/D
942
_c
BK
654
_a
microcontrollers
245
_a
Microcontrollers
260
_b
McGraw Hill
_a
Singapore
_c
1992
300
_a
483
546
_a
ENGLISH
999
_c
23060
_d
23060